Texas Head Football Coaches by Picture - Statistics

General Stats
  • This quiz has been taken 16 times
  • The average score is 7 of 27
Answer Stats
Picture Hint Answer % Correct
1998-2013 Mack Brown
100%
2021-Present Steve Sarkisian
100%
2014-2016 Charlie Strong
85%
1957-1976 Darrell Royal
85%
2017-2020 Tom Herman
77%
1977-1986 Fred Akers
23%
1937-1946 Dana X. Bible
15%
1987-1991 David McWilliams
15%
1992-1997 John Mackovic
15%
1920-1922 Berry Whitaker
8%
1910 Billy Wasmund
8%
1947-1950 Blair Cherry
8%
1927-1933 Clyde Littlefield
8%
1911-1915 Dave Allerdice
8%
1898 David Farragut Edwards
8%
1909 Dexter Draper
8%
1951-1956 Ed Price
8%
1923-1926 E. J. Stewart
8%
1916 Eugene Van Gent
8%
1895 Frank Crawford
8%
1934-1936 Jack Chevigny
8%
1899 Maurice Gordon Clarke
8%
1903-1905 Ralph Hutchinson
8%
1894 Reginald DeMerritt Wentworth
8%
1900-1901 Samuel Huston Thompson
8%
1907-1908 W. E. Metzenthin
8%
1917-1919 William Juneau
8%
No matching quizzes found
Score Distribution
Percent of People with Each Score
Percentile by Number Answered
Your Score History
You have not taken this quiz